Study on effectiveness of abamec l.a on gastrointestinal parasites of cattle at kok romiat village, kandal province , ប្រសិទ្ធភាព Abamec l.a ក្នុងការទម្លាក់បរាសិតក្នុងក្រពះពោះវៀនគោ ក្នុងភូមិគោករមៀត ខេត្តកណ្ដាល (Record no. 7221)

000 -LEADER
fixed length control field 00742nam a22001337a 4500
040 ## - CATALOGING SOURCE
Transcribing agency RUA
082 ## - DEWEY DECIMAL CLASSIFICATION NUMBER
Classification number VEM LOR 2014 B442 Or.1
100 ## - MAIN ENTRY--AUTHOR NAME
Personal name LORN RITHY ; លន រិទ្ធី
245 ## - TITLE STATEMENT
Title Study on effectiveness of abamec l.a on gastrointestinal parasites of cattle at kok romiat village, kandal province , ប្រសិទ្ធភាព Abamec l.a ក្នុងការទម្លាក់បរាសិតក្នុងក្រពះពោះវៀនគោ ក្នុងភូមិគោករមៀត ខេត្តកណ្ដាល
260 ## - PUBLICATION, DISTRIBUTION, ETC. (IMPRINT)
Place of publication Phnom Penh
Name of publisher RUA
Year of publication 2014
300 ## - PHYSICAL DESCRIPTION
Number of Pages xi ;38p.
Other physical details ill.
Dimensions 29cm.
856 ## - ELECTRONIC LOCATION AND ACCESS
Uniform Resource Identifier https://drive.google.com/file/d/10_1lG2KY-q9u_-5_iOv_lzMY91gLz_7K/view?usp=sharing
942 ## - ADDED ENTRY ELEMENTS (KOHA)
Koha item type VEM
952 ## - LOCATION AND ITEM INFORMATION (KOHA)
Withdrawn status [LOCAL, KOHA] 0
952 ## - LOCATION AND ITEM INFORMATION (KOHA)
Withdrawn status [LOCAL, KOHA] 0
952 ## - LOCATION AND ITEM INFORMATION (KOHA)
Withdrawn status [LOCAL, KOHA] 0
952 ## - LOCATION AND ITEM INFORMATION (KOHA)
Withdrawn status [LOCAL, KOHA] 0
952 ## - LOCATION AND ITEM INFORMATION (KOHA)
Withdrawn status [LOCAL, KOHA] 0
952 ## - LOCATION AND ITEM INFORMATION (KOHA)
Withdrawn status [LOCAL, KOHA] 0
952 ## - LOCATION AND ITEM INFORMATION (KOHA)
Withdrawn status [LOCAL, KOHA] 0
952 ## - LOCATION AND ITEM INFORMATION (KOHA)
Withdrawn status [LOCAL, KOHA] 0
Holdings
Permanent Location Date acquired Koha item type Lost status Shelving location Barcode Current Location Full call number
Library Block B2016-03-01VEM B442RUA053490Library Block BVEM LOR 2014 B442 Or.1
Library Block B2016-03-01VEM B442RUA053343Library Block BVEM LOR 2014 B442 Or.2
Library Block B2016-03-01VEM B442RUA053498Library Block BVEM LOR 2014 B442 Or.3
Library Block B2016-03-01VEM B442RUA053546Library Block BVEM LOR 2014 B442 Or.4
Library Block B2016-03-01VEM B442RUA053224Library Block BVEM LOR 2014 B442 Or.5
Library Block B2016-03-01VEM B442RUA053492Library Block BVEM LOR 2014 B442 Or.6
Library Block B2016-03-01VEM B442RUA053479Library Block BVEM LOR 2014 B442 Or.7
Library Block B2016-03-01VEM B442RUA053339Library Block BVEM LOR 2014 B442 Or.8
មជ្ឈមណ្ឌលឯការនៃសាកលវិទ្យាល័យភូមិន្ទកសិកម្មចំការដូង

Powered by Koha